00341nam a22001097a 4500082001700000100001800017245007200035260004800107300003100155526003700186650000800223 a620.191bLIU aEvett,Jack B. aSoil properties :testing, measurement and evaluationcEvett,Jack B. aNew JerseybPrentice-Hall, Englewood Cliffs aviii, 315 p.bill.c28 cm. a0b0c0d620_191000000000000_LIU aMCE